| 000 | 00877nam a2200241 a 4500 | ||
|---|---|---|---|
| 001 | 000042420 | ||
| 005 | 20201002040137.0 | ||
| 008 | 131129s2007 sp 000 0 spa d | ||
| 020 | _a9788476356913 | ||
| 040 |
_aDO-SdBNP _bspa _cBNPHU |
||
| 082 |
_axxx _bxxx |
||
| 111 | 2 |
_aGrand Séminaire de Neuchátel : Coloquio Internacional Álvaro Pombo _d(2007: _cMadrid _n1-3 de noviembre) _969546 |
|
| 245 | 1 | 0 |
_aÁlvaro Pombo / _ceditoras ; Irene Andres-Suárez, Ana Casas. |
| 260 |
_aMadrid : _bUniversidad de Neuchâtel, _c2007. |
||
| 300 |
_a204 p. ; _c22 cm. |
||
| 490 | 1 | _aCuadernos de narrativa | |
| 500 | _aIncluye referencias bibliográficas y notas al pie de las páginas. | ||
| 590 | _aInventariado, 2019/VM | ||
| 504 | _aBibliografía: p. 191-204 | ||
| 700 | 1 |
_aSuárez, Irene Andres _969547 |
|
| 700 | 1 |
_aCasas, Ana _969548 |
|
| 830 | 0 |
_aCuadernos de narrativa _969549 |
|
| 999 |
_c41909 _d41909 |
||